Eksperimentaľnyje metody v mechanike deformirujemogo tverdogo tela /

Na minha lista:
Detalhes bibliográficos
Main Authors: Pisarenko, Georgij Stepanovič (Author), Strižalo, Vladimir Aleksandrovič (Author)
Formato: Livro
Publicado em: Kijev : Naukova dumka, 1986
Tags: Adicionar Tag
Sem tags, seja o primeiro a adicionar uma tag!

MARC

LEADER 00000nam a22000003a 4500
001 stu48644
005 20150617225708.1
008 ------s1986----xxr---------------------d
040 |a STU  |b slo 
041 0
044 |a xxr 
080 |a 539.3 
080 |a 620.1.05 
100 1 |a Pisarenko, Georgij Stepanovič  |4 aut 
245 1 |a Eksperimentaľnyje metody v mechanike deformirujemogo tverdogo tela /  |c [aut.] Pisarenko,G.S.; Strižalo,V.A 
260 |a Kijev :  |b Naukova dumka,  |c 1986 
300 |a 263 s 
700 1 |a Strižalo, Vladimir Aleksandrovič  |4 aut 
996 |b J83891  |c J*83891/K 13  |l JJK13  |s P  |a 0  |w stu48644_0001